01847nam a2200313 a 450000100100000000500170001000800410002702000240006802000250009204000250011708200250014211000600016724500740022726000550030130000180035659000260037461000610040065000460046165000640050765000850057191000380065695201450069495201450083995201300098495201360111495201300125095201360138099900170151600004290920201002040506.0140212s2014 dr 000 0 spa d a9789945477184 (v.1) a9789945477191 (v. 2) aDO-SdBNPbspacBNPHU a348.044bR426p, 20131 aRepública DominicanabSuprema Corte de Justicia9790610aPrincipales sentencias de la Suprema Corte de Justicia :baño 2013. aSanto Domingo :bSuprema Corte de Justicia,c2014. a2v. ;c24 cm. aInventariado, 2018/BT14aREPÚBLICA DOMINICANA.bSUPREMA CORTE DE JUSTICIA97906 4aSentenciaszRepública Dominicana919124 4aAdministración de justiciazRepública Dominicana910274 4aJurisprudenciazRepública DominicanavRECOPILACIONES, REPERTORIOS, ETC.919123 aValidado. Control de calidad. EMS 001054708PDaGRbGRcHDd2014-02-12iLF1l0o348.044 R426p, 2013 | v. 1, e. 3p42909-30r2020-06-25w2020-06-25yLFPDZPréstamo en sala 001054708PDaGRbGRcHDd2014-02-12iLF1l0o348.044 R426p, 2013 | v. 2, e. 3p42909-60r2020-06-25w2020-06-25yLFPDZPréstamo en sala 0010718PDaPDbPDcHDd2014-02-12iLF1l0o348.044 R426p, 2013 | v. 1p42909-10r2020-06-25w2020-06-25yLFPDZNo se presta 0010718PDaPDbPDcHDd2014-02-12iLF1l0o348.044 R426p, 2013 | v. 1, e. 2p42909-20r2020-06-25w2020-06-25yLFPDZNo se presta 0010718PDaPDbPDcHDd2014-02-12iLF1l0o348.044 R426p, 2013 | v. 2p42909-40r2020-06-25w2020-06-25yLFPDZNo se presta 0010718PDaPDbPDcHDd2014-02-12iLF1l0o348.044 R426p, 2013 | v. 2, e. 2p42909-50r2020-06-25w2020-06-25yLFPDZNo se presta c42398d42398